| 000 | 00879nas a2200289 4500 | ||
|---|---|---|---|
| 001 | BR2013006711 | ||
| 003 | BR-BrBNA | ||
| 005 | 20231205122825.0 | ||
| 007 | ta | ||
| 008 | 230509b bl.|||p| |||| 00| 00por d | ||
| 040 |
_aBR-BrBNA _bpor _cBiblioteca Nacional de Agricultura |
||
| 041 | _a(Pt) | ||
| 072 | _aK01 | ||
| 100 | 1 | _aLana, M.D. | |
| 100 | 1 | _aBrandão, C.F.L. e S. | |
| 100 | 1 | _aNetto, S.P. | |
| 100 | 1 | _aMarangon, L.C. | |
| 100 | 1 | _aRetslaff, F.A. de S. | |
| 245 | 1 | _aDistribuição diamétrica de Escheweilera ovata em um fragmento de floresta ombrófila densa- Igarassu, PE | |
| 650 | _aFLORESTA | ||
| 650 | _aDIÂMETRO | ||
| 650 | _aMÉTODO ESTATÍSTICO | ||
| 650 | _aPERNAMBUCO | ||
| 773 | 0 |
_tFloresta (Brazil) _xISSN 0015-3826 _g(Jan-Mar 2013), v. 43(1) p. 59-68 _wBR2013006711 |
|
| 909 |
_a202311 _bLúcia _c55 _dLúcia Elande |
||
| 942 |
_2AGRIS _n0 _cANA |
||
| 999 |
_c230768 _d230768 |
||